Text book of thermodynamics. (Record no. 29259)

000 -LEADER
fixed length control field 00503 a2200157 4500
020 ## - INTERNATIONAL STANDARD BOOK NUMBER
International Standard Book Number 8171419100
020 ## - INTERNATIONAL STANDARD BOOK NUMBER
International Standard Book Number 9788171419104
082 ## - DEWEY DECIMAL CLASSIFICATION NUMBER
Classification number 536.7
100 ## - MAIN ENTRY--PERSONAL NAME
Personal name JHA, D. K.
245 00 - TITLE STATEMENT
Title Text book of thermodynamics.
Statement of responsibility, etc. D. K. JHA
260 ## - PUBLICATION, DISTRIBUTION, ETC.
Place of publication, distribution, etc. [S.l.] :
Name of publisher, distributor, etc. Discovery Publishing House,
Date of publication, distribution, etc. 2004.
300 ## - PHYSICAL DESCRIPTION
Extent 1 v. (unpaged)
700 ## - ADDED ENTRY--PERSONAL NAME
Personal name JHA, D. K.
942 ## - ADDED ENTRY ELEMENTS (KOHA)
Institution code [OBSOLETE] SNS
Koha item type Book
Call number prefix 536.7 JHA
Holdings
Withdrawn status Lost status Damaged status Not for loan Permanent Location Current Location Date acquired Total Checkouts Full call number Barcode Date last seen Price effective from Koha item type
        School of Natural Sciences (SNS) School of Natural Sciences (SNS) 05/26/2016   536.7 JHA SNS0000780 05/26/2016 05/26/2016 Book
© 2023 Central Library, National University of Sciences and Technology. All Rights Reserved.